Normal view
MARC view
Entry Personal Name
001 - CONTROL NUMBER
- control field: 86286
003 - CONTROL NUMBER IDENTIFIER
- control field: dpl
005 - DATE AND TIME OF LATEST TRANSACTION
- control field: 20260109163627.0
008 - FIXED-LENGTH DATA ELEMENTS
- fixed length control field: 260109|| aca||aabn | a|a d
040 ## - CATALOGING SOURCE
- Original cataloging agency: dpl
- Transcribing agency: dpl
100 ## - HEADING--PERSONAL NAME
- Personal name: मैहर चंद
670 ## - SOURCE DATA FOUND
- Source citation: Work cat.: (dpl)214072: मैहर चंद, डॉ. ए. पी. जे. अब्दुल कलाम जीवनी/, 2023
